000 00527nam a22001697a 4500
999 _c26420
_d26420
003 BDDh-ASL
005 20231015030636.0
008 211008s1888 i ||||| |||| 00| 0 u d
040 _aBDDh-ASL
_cBDDh-ASL
082 _a297.634
_bKHK
100 1 _94887
_aKhan, Maulavi Fakhruddin Hussain
245 1 0 _aKhulasa Tawarikh Makka Muazzama : / خلاصہ تواريخ مکہ معظمہ
260 _aKanpur :
_bNawal Kishore Press ,
_c1888.
300 _a64 p. :
_c25 cm.
650 0 _91349
_aHistory
_xMecca
942 _2ddc
_cBK